000 00630nam a2200241Ia 4500
001 50814
005 20240114005203.0
007 ta
008 090612s1942 g b000 u Eng u
040 _aCotton College,Assam
041 _aEng
082 _a892.7
_bHAM
100 _aHamid, Abdul .
245 0 _aCatalogue Of The Arabic And Persian Manuscripts Vol. XXV /
_cAbdul Hamid.
_hTextual Documents
250 _a1st ed. /
260 _aSl :
_bSn ,
_c1942.
300 _a190p. ;
_c23 cm..
653 _aBV-Arabic & Persian
653 _aJournal
942 _2ddc
_cBK
999 _c50779
_d50779